000
00488nam a2200181Ia 4500
008
090124s9999 xx 000 0 und d
082
_b
15682
_a
5348
100
_a
शहा सुरेखा
245
_a
चक्रव्यूह
250
_a
1
260
_c
1966
300
_a
155
600
_a
शहा सुरेखा
630
_a
चक्रव्यूह
700
_a
शहा सुरेखा
730
_a
चक्रव्यूह
942
_c
BOOK
999
_c
129622
_d
129622